Career development for dummies : (Record no. 361299)
[ view plain ]
| 000 -LEADER | |
|---|---|
| fixed length control field | 00589nam a2200145Ia 4500 |
| 008 - FIXED-LENGTH DATA ELEMENTS--GENERAL INFORMATION | |
| fixed length control field | 190228s9999 xx 000 0 und d |
| 020 ## - INTERNATIONAL STANDARD BOOK NUMBER | |
| International Standard Book Number | 9781119363088 |
| 100 ## - MAIN ENTRY--PERSONAL NAME | |
| Personal name | Alidina, Shamash. |
| 245 ## - TITLE STATEMENT | |
| Statement of responsibility, etc | by Shamash Alidina, Juliet Adams, Stan Portny, Marshall Loeb, Stephen Kindel, Dirk Zeller, Natalie Canavor, Ray Anthony, Barbara Boyd, Michael C. Donaldson.-- |
| Title | Career development for dummies : |
| Remainder of title | all-in-one / |
| 260 ## - PUBLICATION, DISTRIBUTION, ETC. (IMPRINT) | |
| Place of publication, distribution, etc | New Jersey : |
| Name of publisher, distributor, etc | John Willey & Sons |
| Date of publication, distribution, etc | 2017 |
| 300 ## - PHYSICAL DESCRIPTION | |
| Extent | xviii, 650 pages. |
| 500 ## - GENERAL NOTE | |
| General note | Includes indexes. |
| 650 ## - SUBJECT ADDED ENTRY--TOPICAL TERM | |
| Topical term or geographic name as entry element | Project management. |
| 650 ## - SUBJECT ADDED ENTRY--TOPICAL TERM | |
| Topical term or geographic name as entry element | Time management. |
| Withdrawn status | Lost status | Damaged status | Home library | Current library | Shelving location | Date acquired | Source of acquisition | Total Checkouts | Full call number | Barcode | Date last seen | Price effective from | Koha item type |
|---|---|---|---|---|---|---|---|---|---|---|---|---|---|
| College Library | College Library | Reserve Section | 02/28/2019 | Library Fund | HF 5381 .Sh528 2017 | C21770 | 02/28/2019 | 02/28/2019 | Books |